Country Names Without Vowels #1 - Easy - Statistics

General Stats
  • This quiz has been taken 21 times
  • The average score is 19 of 20
Answer Stats
Name Answer % Correct
BLGM Belgium
100%
BRZL Brazil
100%
CHN China
100%
GYPT Egypt
100%
FRNC France
100%
MXC Mexico
100%
NRWY Norway
100%
PLND Poland
100%
PRTGL Portugal
100%
SWTZRLND Switzerland
100%
TWN Taiwan
100%
VTNM Vietnam
100%
BTSWN Botswana
95%
CHL Chile
95%
GRMN Germany
95%
KYRGYZSTN Kyrgyzstan
95%
RWND Rwanda
95%
VNZL Venezuela
95%
BHRN Bahrain
90%
ND India
65%
No matching quizzes found
Score Distribution
Percent of People with Each Score
Percentile by Number Answered
Your Score History
You have not taken this quiz